Tienen; (Record no. 2397)

MARC details
000 -LEADER
fixed length control field 00606cam a22002171 4500
001 - CONTROL NUMBER
control field af 47003928
003 - CONTROL NUMBER IDENTIFIER
control field DLC
005 - DATE AND TIME OF LATEST TRANSACTION
control field 20260227110822.0
008 - FIXED-LENGTH DATA ELEMENTS--GENERAL INFORMATION
fixed length control field 961014s1943 be fh 000 0 dut c
010 ## - LIBRARY OF CONGRESS CONTROL NUMBER
LC control number af 47003928
035 ## - SYSTEM CONTROL NUMBER
System control number (OCoLC)35731173
040 ## - CATALOGING SOURCE
Original cataloging agency Stanford Univ. Library
Transcribing agency NN
Modifying agency NN
-- DLC
042 ## - AUTHENTICATION CODE
Authentication code premarc
050 00 - LIBRARY OF CONGRESS CALL NUMBER
Classification number DH811.T5
Item number R6
100 1# - MAIN ENTRY--PERSONAL NAME
Personal name Rock, Robert.
245 10 - TITLE STATEMENT
Title Tienen;
Remainder of title met 16 platen ...
260 ## - PUBLICATION, DISTRIBUTION, ETC.
Place of publication, distribution, etc. Brussel,
Name of publisher, distributor, etc. N. v. Kunstkringuitgaven
Date of publication, distribution, etc. [1943]
300 ## - PHYSICAL DESCRIPTION
Extent 81 p., 3 l.
Other physical details 16 pl. (incl. facsim.) on 8 l.
Dimensions 18 cm.
490 0# - SERIES STATEMENT
Series statement "Onze steden"
651 #0 - SUBJECT ADDED ENTRY--GEOGRAPHIC NAME
Geographic name Tienen (Belgium).

No items available.

Powered by Koha